| 000 | 00412nam a22001337a 4500 | ||
|---|---|---|---|
| 020 | _a0-13-705665-6 | ||
| 082 | _a629.287 DER'P | ||
| 100 |
_aDEROCHL, A. G,HILDEBRAUD, N. N _974428 |
||
| 245 | _aTHE PRINCIPLES OF AUTOBODY REPAIRING AND REPAINTING | ||
| 260 |
_aNEWJERSCY _bPRENTICE HALL _c1981 |
||
| 300 | _a663P | ||
| 650 |
_aAUTOMOBILES PAINTING AUTOMOBILES BODIES MAINTENANCE AND REPAIR _974429 |
||
| 942 | _cBK | ||
| 999 |
_c579960 _d579960 |
||